[Event "TUR-chT"]
[Site "Ankara"]
[Date "2023.07.16"]
[Round "7.3"]
[White "Yilmazyerli, Mert"]
[Black "Aydincelebi, Kagan"]
[Result "0-1"]
[WhiteElo "2542"]
[BlackElo "2280"]
[PlyCount "60"]
[EventDate "2023.07.10"]
[EventType "team-tourn"]
[EventRounds "11"]
[EventCountry "TUR"]
[SourceTitle "EXT 2024"]
[Source "ChessBase"]
[SourceDate "2023.10.10"]
[SourceVersion "1"]
[SourceVersionDate "2023.10.10"]
[SourceQuality "1"]
[WhiteTeam "Turk Hava Yollari"]
[BlackTeam "Karaman Futbol"]
[WhiteTeamCountry "TUR"]
[BlackTeamCountry "TUN"]

1. e4 c5 2. Nf3 Nc6 3. d4 cxd4 4. Nxd4 e5 5. Nb5 d6 6. N1c3 a6 7. Na3 Be6 8. Nd5 Bxd5 9. exd5 Nce7 10. c4 Nf6 11. Bg5 Nd7 12. Qa4 h6 13. Bd2 Nf5 14. Nc2 Be7 15. Bd3 Nh4 16. Ne3 0-0 17. Qd1 f5 18. g3 e4 19. Be2 f4 20. gxh4 Bxh4 21. 0-0 f3 22. Bc3 Bf6 23. Bxf6 Qxf6 24. Bxf3 exf3 25. Kh1 Rae8 26. Qd2 Nc5 27. Rg1 Ne4 28. Qc2 Qh4 29. Raf1 Rf4 30. Rg6 Qh5 0-1

[Event "Prague op"]
[Site "Prague"]
[Date "2023.06.27"]
[Round "6"]
[White "Hoffmann, Michael"]
[Black "Aydincelebi, Kagan"]
[Result "1/2-1/2"]
[WhiteElo "2417"]
[BlackElo "2280"]
[PlyCount "79"]
[EventDate "2023.06.22"]
[EventType "swiss"]
[EventRounds "9"]
[EventCountry "CZE"]
[SourceTitle "CBM 215 Extra"]
[Source "ChessBase"]
[SourceDate "2023.09.30"]
[SourceVersion "1"]
[SourceVersionDate "2023.09.30"]
[SourceQuality "1"]

1. d4 d5 2. Nf3 Nf6 3. c3 e6 4. Bf4 Be7 5. Nbd2 0-0 6. e3 c5 7. Bd3 Nc6 8. Ne5 Nd7 9. Qh5 f5 10. Nxd7 Bxd7 11. g4 Be8 12. Qh3 Bg6 13. Rg1 cxd4 14. exd4 Bd6 15. gxf5 exf5 16. Qg3 Bxf4 17. Qxf4 Qb8 18. Qxb8 Raxb8 19. f4 Bh5 20. Kf2 b5 21. b4 Ne7 22. Nb3 Ng6 23. Kg3 Rbe8 24. Rae1 Re4 25. Rgf1 Rfe8 26. Bxe4 dxe4 27. d5 e3 28. Nd4 e2 29. Rg1 Re3+ 30. Kf2 Rxc3 31. Rg3 Rc4 32. Nxe2 Nxf4 33. Nxf4 Rxf4+ 34. Kg1 Rd4 35. Re7 Rd1+ 36. Kf2 Rd2+ 37. Ke1 Rd1+ 38. Kf2 Rd2+ 39. Ke1 Rd1+ 40. Kf2 1/2-1/2

[Event "Titled Tuesday intern op 16th May Early"]
[Site "Chess.com INT"]
[Date "2023.05.16"]
[Round "11"]
[White "Al Tarbosh, Ward"]
[Black "Aydincelebi, Kagan"]
[Result "0-1"]
[WhiteElo "2256"]
[BlackElo "2280"]
[PlyCount "86"]
[EventDate "2023.05.16"]
[EventType "swiss (blitz)"]
[EventRounds "11"]
[EventCountry "USA"]
[SourceTitle "CBM 214 Extra"]
[Source "ChessBase"]
[SourceDate "2023.07.31"]
[SourceVersion "1"]
[SourceVersionDate "2023.07.31"]
[SourceQuality "1"]

1. Nc3 g6 2. d4 Bg7 3. e4 c5 4. d5 d6 5. Nf3 Bg4 6. Be2 Nf6 7. 0-0 0-0 8. Re1 a6 9. a4 Nbd7 10. a5 Rb8 11. h3 Bxf3 12. Bxf3 Ne8 13. Bf4 Nc7 14. Be2 b5 15. axb6 Rxb6 16. Ra2 Qb8 17. Qc1 Qb7 18. Bd2 Rb4 19. Bf1 Nf6 20. f3 Qa8 21. Na4 Rb7 22. Ba5 Rfb8 23. c3 Nh5 24. g4 Nf6 25. Qc2 e6 26. c4 Nd7 27. Nc3 Rf8 28. f4 Qd8 29. f5 Qh4 30. Rd1 Bd4+ 31. Kh1 Ne5 32. Qg2 exd5 33. Bxc7 Rxc7 34. Nxd5 Rb7 35. f6 Rfb8 36. Rd2 Rb3 37. Ra3 Rxa3 38. bxa3 Rb3 39. a4 Rg3 40. Rb2 h5 41. Qh2 Nxg4 42. Rb8+ Kh7 43. Qxg3 Qxg3 0-1

[Event "Titled Tuesday intern op 16th May Early"]
[Site "Chess.com INT"]
[Date "2023.05.16"]
[Round "9"]
[White "Aydincelebi, Kagan"]
[Black "Gheorghiu, Calin"]
[Result "1-0"]
[WhiteElo "2280"]
[BlackElo "2313"]
[PlyCount "97"]
[EventDate "2023.05.16"]
[EventType "swiss (blitz)"]
[EventRounds "11"]
[EventCountry "USA"]
[SourceTitle "CBM 214 Extra"]
[Source "ChessBase"]
[SourceDate "2023.07.31"]
[SourceVersion "1"]
[SourceVersionDate "2023.07.31"]
[SourceQuality "1"]

1. e4 c5 2. Nf3 d6 3. Bb5+ Nd7 4. 0-0 Ngf6 5. Re1 a6 6. Bf1 e5 7. c3 Be7 8. d4 0-0 9. dxe5 dxe5 10. c4 Re8 11. Nc3 Bf8 12. Bg5 h6 13. Bh4 Qb6 14. Qd2 Nb8 15. Rad1 Bg4 16. Be2 Bxf3 17. Bxf3 Be7 18. Bg3 Nc6 19. Nd5 Nxd5 20. exd5 Bg5 21. Qc3 Nd4 22. Bxe5 Rxe5 23. Rxe5 Bf6 24. Rde1 Bxe5 25. Rxe5 Qf6 26. Qe3 g6 27. Bg4 Kg7 28. h3 b5 29. b3 bxc4 30. bxc4 Rb8 31. Re4 Rb1+ 32. Kh2 h5 33. Bf3 Nf5 34. Qf4 g5 35. Qe5 Nd4 36. Qxf6+ Kxf6 37. Bxh5 Rb2 38. d6 Rb6 39. d7 Rd6 40. Bg4 Nf5 41. Re8 Rxd7 42. Rc8 Rd2 43. Rc6+ Nd6 44. Rxc5 Ke7 45. Re5+ Kd8 46. c5 Nc4 47. Rxg5 Rxf2 48. h4 Rxa2 49. h5 1-0

[Event "Titled Tuesday intern op 16th May Early"]
[Site "Chess.com INT"]
[Date "2023.05.16"]
[Round "10"]
[White "Aydincelebi, Kagan"]
[Black "Kuzhilniy, Oleksandr"]
[Result "1-0"]
[WhiteElo "2280"]
[BlackElo "2220"]
[PlyCount "133"]
[EventDate "2023.05.16"]
[EventType "swiss (blitz)"]
[EventRounds "11"]
[EventCountry "USA"]
[SourceTitle "CBM 214 Extra"]
[Source "ChessBase"]
[SourceDate "2023.07.31"]
[SourceVersion "1"]
[SourceVersionDate "2023.07.31"]
[SourceQuality "1"]

1. e4 d5 2. exd5 Qxd5 3. Nc3 Qe5+ 4. Be2 Bg4 5. d4 Bxe2 6. Ngxe2 Qa5 7. 0-0 Nf6 8. b4 Qh5 9. Bf4 c6 10. Rb1 a6 11. a4 b5 12. axb5 axb5 13. Ra1 Na6 14. Ra2 e6 15. Qa1 Bxb4 16. Rxa6 Rxa6 17. Qxa6 0-0 18. Qxc6 Bxc3 19. Nxc3 Qf5 20. Ne2 b4 21. Bd6 Re8 22. Bxb4 h6 23. Ng3 Qg5 24. Ne4 Nxe4 25. Qxe8+ Kh7 26. Qc6 Qg6 27. Qc4 Ng5 28. Qd3 f5 29. c4 h5 30. d5 h4 31. h3 e5 32. Kh1 e4 33. Qe3 Nf7 34. Bc3 Qd6 35. Qd4 Qg6 36. c5 f4 37. c6 Nd6 38. Qxg7+ Qxg7 39. Bxg7 Kxg7 40. c7 Kf6 41. Rc1 Ke5 42. c8Q Nxc8 43. Rxc8 Kxd5 44. Kg1 Kd4 45. Kf1 Kd3 46. Rd8+ Kc4 47. Ke2 Kc5 48. Rh8 Kd4 49. Rxh4 Ke5 50. Rh5+ Kf6 51. Ra5 Kg6 52. Ra4 Kf5 53. Ra5+ Kf6 54. h4 f3+ 55. gxf3 exf3+ 56. Kxf3 Kg6 57. Kg4 Kh6 58. Ra6+ Kg7 59. Kg5 Kf7 60. Ra7+ Kf8 61. h5 Kg8 62. h6 Kh8 63. Kg6 Kg8 64. f4 Kh8 65. f5 Kg8 66. f6 Kh8 67. Ra8# 1-0

[Event "Titled Tuesday intern op 16th May Early"]
[Site "Chess.com INT"]
[Date "2023.05.16"]
[Round "7"]
[White "Aydincelebi, Kagan"]
[Black "Piesik, Piotr"]
[Result "0-1"]
[WhiteElo "2280"]
[BlackElo "2426"]
[PlyCount "132"]
[EventDate "2023.05.16"]
[EventType "swiss (blitz)"]
[EventRounds "11"]
[EventCountry "USA"]
[SourceTitle "CBM 214 Extra"]
[Source "ChessBase"]
[SourceDate "2023.07.31"]
[SourceVersion "1"]
[SourceVersionDate "2023.07.31"]
[SourceQuality "1"]

1. e4 c6 2. d4 d5 3. exd5 cxd5 4. c4 Nf6 5. Nc3 e6 6. c5 Nc6 7. Nf3 Be7 8. Rb1 a5 9. a3 b6 10. b4 axb4 11. axb4 bxc5 12. bxc5 0-0 13. Bb5 Qc7 14. 0-0 Ba6 15. Re1 Bxb5 16. Nxb5 Qd7 17. Bf4 Ne4 18. Qd3 Ra2 19. Re2 Rfa8 20. h4 h6 21. h5 Bf6 22. Reb2 Rxb2 23. Rxb2 Qb7 24. Rb3 Ra1+ 25. Kh2 Nxf2 26. Qc2 Rh1+ 27. Kg3 Ne4+ 28. Kg4 Bd8 29. Ne5 Rh4+ 30. Kf3 Qxb5 31. Rxb5 Nxd4+ 32. Ke3 Nxc2+ 33. Kd3 Rxf4 34. Rb8 Nb4+ 35. Ke3 Kh7 36. Kxf4 Bc7 37. Rxb4 f6 38. c6 Bxe5+ 39. Ke3 Nc5 40. Rb5 Na6 41. Rb7 Nc7 42. Rb8 g6 43. g4 gxh5 44. gxh5 Kg7 45. Rd8 f5 46. Kf3 Kf6 47. Rg8 Kf7 48. Rd8 Nb5 49. Rd7+ Kf6 50. Kg2 Nd4 51. c7 Bxc7 52. Rxc7 Kg5 53. Kg3 e5 54. Rd7 f4+ 55. Kh3 Kxh5 56. Rxd5 Nf3 57. Rd3 Ng5+ 58. Kg2 Kg4 59. Rd5 e4 60. Kf2 h5 61. Rd1 e3+ 62. Ke2 Ne4 63. Rg1+ Ng3+ 64. Kd3 h4 65. Ra1 h3 66. Ra8 h2 0-1

[Event "Titled Tuesday intern op 09th May Late"]
[Site "Chess.com INT"]
[Date "2023.05.09"]
[Round "2"]
[White "Aydincelebi, Kagan"]
[Black "Kavutskiy, Konstantin"]
[Result "1-0"]
[WhiteElo "2280"]
[BlackElo "2414"]
[PlyCount "77"]
[EventDate "2023.05.09"]
[EventType "swiss (blitz)"]
[EventRounds "11"]
[EventCountry "USA"]
[SourceTitle "CBM 214 Extra"]
[Source "ChessBase"]
[SourceDate "2023.07.31"]
[SourceVersion "1"]
[SourceVersionDate "2023.07.31"]
[SourceQuality "1"]

1. e4 c5 2. Nf3 Nc6 3. Bb5 g6 4. 0-0 Bg7 5. c3 Nf6 6. e5 Nd5 7. d4 cxd4 8. cxd4 0-0 9. Nc3 Nxc3 10. bxc3 d6 11. exd6 Qxd6 12. h3 b6 13. Re1 Bb7 14. a4 Rac8 15. Ba3 Qd5 16. Qe2 Rfd8 17. Bc4 Qh5 18. Bxf7+ Kxf7 19. Qe6+ Kf8 20. Bxe7+ Nxe7 21. Qxe7+ Kg8 22. Qxb7 Rxc3 23. Re7 Bf6 24. Re6 Rxf3 25. Qxf3 Qxf3 26. gxf3 Bxd4 27. Rae1 Bc5 28. Re8+ Rxe8 29. Rxe8+ Kf7 30. Ra8 a5 31. Ra7+ Kg8 32. Kg2 h6 33. f4 Kf8 34. Kg3 Kg8 35. f3 Kf8 36. Rb7 h5 37. Kg2 Kg8 38. Kf1 Kf8 39. Ke2 1-0

[Event "Titled Tuesday intern op 09th May Late"]
[Site "Chess.com INT"]
[Date "2023.05.09"]
[Round "10"]
[White "Aydincelebi, Kagan"]
[Black "Papayan, Oleg"]
[Result "1-0"]
[WhiteElo "2280"]
[BlackElo "2253"]
[PlyCount "59"]
[EventDate "2023.05.09"]
[EventType "swiss (blitz)"]
[EventRounds "11"]
[EventCountry "USA"]
[SourceTitle "CBM 214 Extra"]
[Source "ChessBase"]
[SourceDate "2023.07.31"]
[SourceVersion "1"]
[SourceVersionDate "2023.07.31"]
[SourceQuality "1"]

1. e4 c5 2. Nf3 e6 3. c3 d5 4. exd5 Qxd5 5. d4 Nf6 6. Be3 cxd4 7. cxd4 Nc6 8. Nc3 Qd6 9. Bd3 Be7 10. 0-0 0-0 11. Qe2 Nb4 12. Bb1 b6 13. a3 Ba6 14. Nb5 Qd7 15. a4 Bd6 16. Bg5 Bxb5 17. axb5 Nbd5 18. Ne5 Bxe5 19. dxe5 Ne8 20. h4 Rc8 21. h5 f5 22. exf6 Nexf6 23. Ra3 h6 24. Bd2 e5 25. Rg3 Nf4 26. Bxf4 exf4 27. Rg6 Rc5 28. Rd1 Qxb5 29. Qe7 Ne8 30. Ba2+ 1-0

[Event "Titled Tuesday intern op 09th May Late"]
[Site "Chess.com INT"]
[Date "2023.05.09"]
[Round "4"]
[White "Bortnyk, Olexandr"]
[Black "Aydincelebi, Kagan"]
[Result "1-0"]
[WhiteElo "2605"]
[BlackElo "2280"]
[PlyCount "61"]
[EventDate "2023.05.09"]
[EventType "swiss (blitz)"]
[EventRounds "11"]
[EventCountry "USA"]
[SourceTitle "CBM 214 Extra"]
[Source "ChessBase"]
[SourceDate "2023.07.31"]
[SourceVersion "1"]
[SourceVersionDate "2023.07.31"]
[SourceQuality "1"]

1. d4 c5 2. d5 Nf6 3. Nc3 d6 4. e4 g6 5. f4 Bg7 6. Nf3 0-0 7. e5 dxe5 8. fxe5 Ng4 9. Bf4 Qb6 10. h3 Nh6 11. Qd2 Nf5 12. 0-0-0 Nd7 13. Bc4 Nd4 14. Rhe1 Nxf3 15. gxf3 Qb4 16. Re4 Nxe5 17. Bxe5 Bxe5 18. d6 Bxc3 19. bxc3 Qa3+ 20. Kb1 exd6 21. Qh6 Qxc3 22. Bxf7+ Kxf7 23. Qxh7+ Qg7 24. Re7+ Kxe7 25. Qxg7+ Rf7 26. Qxg6 Be6 27. Re1 Rf6 28. Qg7+ Rf7 29. Qg6 Rf6 30. Qh7+ Rf7 31. Qe4 1-0

[Event "Titled Tuesday intern op 09th May Late"]
[Site "Chess.com INT"]
[Date "2023.05.09"]
[Round "9"]
[White "Mizzi, Jack"]
[Black "Aydincelebi, Kagan"]
[Result "1-0"]
[WhiteElo "1986"]
[BlackElo "2280"]
[PlyCount "79"]
[EventDate "2023.05.09"]
[EventType "swiss (blitz)"]
[EventRounds "11"]
[EventCountry "USA"]
[SourceTitle "CBM 214 Extra"]
[Source "ChessBase"]
[SourceDate "2023.07.31"]
[SourceVersion "1"]
[SourceVersionDate "2023.07.31"]
[SourceQuality "1"]

1. d4 Nf6 2. c4 e6 3. g3 c5 4. d5 exd5 5. cxd5 d6 6. Bg2 g6 7. Nf3 Bg7 8. 0-0 0-0 9. Nc3 Na6 10. e4 Re8 11. Nd2 Nc7 12. a4 b6 13. f4 Ba6 14. Re1 Nd7 15. Nf3 Rb8 16. Qc2 Bb7 17. b3 Na6 18. Bb2 Nb4 19. Qd2 Ba6 20. Bf1 Bxf1 21. Rxf1 a6 22. Rae1 b5 23. axb5 axb5 24. Re2 Qb6 25. Kg2 c4 26. bxc4 bxc4 27. Na4 Qa5 28. Bxg7 Kxg7 29. Qd4+ Kg8 30. Nb2 Nd3 31. Nxc4 Qa4 32. Qxd3 Rb3 33. Qc2 Rc8 34. Rb1 Rxc4 35. Qxb3 Qa6 36. Qb5 Qc8 37. Qb7 Qd8 38. e5 dxe5 39. fxe5 Nf8 40. e6 1-0

[Event "Titled Tuesday intern op 04th Apr Late"]
[Site "Chess.com INT"]
[Date "2023.04.04"]
[Round "4"]
[White "Aydincelebi, Kagan"]
[Black "Chigaev, Maksim"]
[Result "0-1"]
[WhiteElo "2280"]
[BlackElo "2617"]
[PlyCount "116"]
[EventDate "2023.04.04"]
[EventType "swiss (blitz)"]
[EventRounds "11"]
[EventCountry "USA"]
[SourceTitle "EXT 2024"]
[Source "ChessBase"]
[SourceDate "2023.10.10"]
[SourceVersion "1"]
[SourceVersionDate "2023.10.10"]
[SourceQuality "1"]

1. e4 c5 2. Nf3 Nc6 3. Bb5 e6 4. 0-0 Nge7 5. Re1 a6 6. Bf1 d5 7. exd5 Nxd5 8. d4 Nf6 9. Be3 Be7 10. c4 0-0 11. Nc3 cxd4 12. Nxd4 Bd7 13. Qd2 Ng4 14. Nxc6 Bxc6 15. Qxd8 Rfxd8 16. Bb6 Rd7 17. Rad1 Nf6 18. f3 h5 19. Kf2 Rc8 20. a3 Rxd1 21. Rxd1 Nd7 22. Be3 Bf6 23. Bd4 Bh4+ 24. g3 Be7 25. b4 Nf6 26. Bb6 Kf8 27. Be2 g6 28. Nb1 Ke8 29. Nd2 Nd7 30. Be3 Rd8 31. Nb3 Ba4 32. Rb1 Ne5 33. Na5 Nd3+ 34. Kf1 Rd7 35. Bd1 Nb2 36. Bxa4 Nxa4 37. Rb3 Bd8 38. Ke2 e5 39. g4 f5 40. gxh5 gxh5 41. Rd3 Bxa5 42. bxa5 Rxd3 43. Kxd3 Kd7 44. h4 Kd6 45. Ba7 Nc5+ 46. Ke3 Nd7 47. f4 Ke6 48. Kf3 e4+ 49. Ke3 Nf8 50. Kd4 Ng6 51. Kc5 Kd7 52. Kd5 Nxh4 53. Ke5 Kc6 54. Be3 Ng2 55. Bf2 e3 56. Be1 h4 57. Kxf5 h3 58. Bg3 e2 0-1

[Event "Titled Tuesday intern op 04th Apr Late"]
[Site "Chess.com INT"]
[Date "2023.04.04"]
[Round "5"]
[White "Goncharov, Vladimir"]
[Black "Aydincelebi, Kagan"]
[Result "0-1"]
[WhiteElo "2077"]
[BlackElo "2280"]
[PlyCount "50"]
[EventDate "2023.04.04"]
[EventType "swiss (blitz)"]
[EventRounds "11"]
[EventCountry "USA"]
[SourceTitle "EXT 2024"]
[Source "ChessBase"]
[SourceDate "2023.10.10"]
[SourceVersion "1"]
[SourceVersionDate "2023.10.10"]
[SourceQuality "1"]

1. d4 Nf6 2. c4 e6 3. Nc3 c5 4. e3 cxd4 5. exd4 d5 6. Nf3 Be7 7. Bd3 0-0 8. 0-0 dxc4 9. Bxc4 a6 10. Qe2 b5 11. Bd3 Bb7 12. Rd1 Nbd7 13. a3 Nb6 14. Bd2 Nbd5 15. Rac1 Rc8 16. Bb1 Nxc3 17. Bxc3 Qd5 18. Rd3 Qh5 19. h3 Be4 20. Re3 Bxb1 21. Rxb1 Nd5 22. Re5 Qg6 23. Ne1 Qxb1 24. Rxd5 exd5 25. g3 Bf6 0-1

[Event "Titled Tuesday intern op 04th Apr Late"]
[Site "Chess.com INT"]
[Date "2023.04.04"]
[Round "2"]
[White "Li, Hui"]
[Black "Aydincelebi, Kagan"]
[Result "0-1"]
[WhiteElo "1954"]
[BlackElo "2280"]
[PlyCount "90"]
[EventDate "2023.04.04"]
[EventType "swiss (blitz)"]
[EventRounds "11"]
[EventCountry "USA"]
[SourceTitle "EXT 2024"]
[Source "ChessBase"]
[SourceDate "2023.10.10"]
[SourceVersion "1"]
[SourceVersionDate "2023.10.10"]
[SourceQuality "1"]

1. e4 c5 2. Nf3 Nc6 3. d4 cxd4 4. Nxd4 Nf6 5. Nc3 d6 6. Be2 e5 7. Nb3 Be7 8. 0-0 0-0 9. Be3 Be6 10. f3 a5 11. Nd2 d5 12. exd5 Nxd5 13. Nxd5 Bxd5 14. Nc4 Nd4 15. Nxe5 Nxe2+ 16. Qxe2 Bf6 17. Nd3 Re8 18. Qf2 Bc4 19. Rad1 Qc7 20. Kh1 b5 21. Bd4 Bg5 22. Rfe1 Bxa2 23. Qg3 Qxg3 24. hxg3 Bc4 25. Kg1 h5 26. Kf2 a4 27. Re5 Rxe5 28. Nxe5 Be6 29. Rh1 Rd8 30. c3 g6 31. g4 h4 32. Nc6 Rc8 33. Nb4 Be7 34. Re1 Bd6 35. Kg1 Bg3 36. Bf2 Rd8 37. Nc6 Rd2 38. Bxg3 hxg3 39. Nd4 Rxb2 40. Nxe6 fxe6 41. Kf1 a3 42. Rxe6 a2 43. Re8+ Kf7 44. Ra8 Rb1+ 45. Ke2 a1Q 0-1

[Event "Titled Tuesday intern op 28th Feb Early"]
[Site "Chess.com INT"]
[Date "2023.02.28"]
[Round "2"]
[White "Aydincelebi, Kagan"]
[Black "Tarasova, Viktoriya"]
[Result "1-0"]
[WhiteElo "2280"]
[BlackElo "2226"]
[PlyCount "61"]
[EventDate "2023.02.28"]
[EventType "swiss (blitz)"]
[EventRounds "11"]
[EventCountry "USA"]
[SourceTitle "CBM 213 Extra"]
[Source "ChessBase"]
[SourceDate "2023.05.31"]
[SourceVersion "1"]
[SourceVersionDate "2023.05.31"]
[SourceQuality "1"]

1. e4 e5 2. Nf3 Nc6 3. Bb5 Nf6 4. d3 Bc5 5. Bxc6 dxc6 6. Nbd2 Nd7 7. Nb3 Bd6 8. 0-0 c5 9. Kh1 0-0 10. Be3 f6 11. g4 g6 12. Rg1 g5 13. Nfd2 Rf7 14. Nf1 b6 15. Ng3 Nf8 16. Nf5 Kh8 17. h4 gxh4 18. Nxh4 f5 19. Nxf5 Bxf5 20. exf5 Qh4+ 21. Kg2 Rg7 22. f3 e4 23. dxe4 Qh2+ 24. Kf1 Rd8 25. Qe2 Qe5 26. c3 Nd7 27. g5 c4 28. Qxc4 Nc5 29. Nxc5 bxc5 30. Rd1 Qh2 31. Qe2 1-0

[Event "Titled Tuesday intern op 21st Feb Early"]
[Site "Chess.com INT"]
[Date "2023.02.21"]
[Round "9"]
[White "Aydincelebi, Kagan"]
[Black "Buchenau, Frank"]
[Result "1-0"]
[WhiteElo "2280"]
[BlackElo "2222"]
[PlyCount "89"]
[EventDate "2023.02.21"]
[EventType "swiss (blitz)"]
[EventRounds "11"]
[EventCountry "USA"]
[SourceTitle "CBM 212 Extra"]
[Source "ChessBase"]
[SourceDate "2023.03.31"]
[SourceVersion "1"]
[SourceVersionDate "2023.03.31"]
[SourceQuality "1"]

1. e4 e6 2. d4 d5 3. Nc3 Nf6 4. Bg5 dxe4 5. Nxe4 Be7 6. Bxf6 gxf6 7. Qd2 c5 8. Nxc5 Bxc5 9. dxc5 Qxd2+ 10. Kxd2 0-0 11. Nf3 Rd8+ 12. Kc3 Nd7 13. Rd1 Rf8 14. b4 a5 15. a3 axb4+ 16. axb4 f5 17. Bd3 Nf6 18. Kb3 Bd7 19. Ra1 Bc6 20. Ne5 Bd5+ 21. c4 Be4 22. Bxe4 Nxe4 23. f3 Nf6 24. b5 Rfc8 25. Kb4 Ne8 26. Rhd1 f6 27. Nd7 Rxa1 28. Rxa1 Rc7 29. Ra8 Kf7 30. Nb6 Ng7 31. Nc8 f4 32. Rb8 Nf5 33. Nd6+ Nxd6 34. cxd6 Rd7 35. c5 e5 36. Kc4 Ke6 37. Re8+ Kf7 38. Rc8 Ke6 39. Rc7 Rxc7 40. dxc7 Kd7 41. b6 h5 42. Kd5 h4 43. Ke4 Kc8 44. Kf5 h3 45. gxh3 1-0

[Event "Titled Tuesday intern op 21st Feb Late"]
[Site "Chess.com INT"]
[Date "2023.02.21"]
[Round "10"]
[White "Aydincelebi, Kagan"]
[Black "Yeritsyan, Hayk"]
[Result "1/2-1/2"]
[WhiteElo "2280"]
[BlackElo "2250"]
[PlyCount "139"]
[EventDate "2023.02.21"]
[EventType "swiss (blitz)"]
[EventRounds "11"]
[EventCountry "USA"]
[SourceTitle "CBM 212 Extra"]
[Source "ChessBase"]
[SourceDate "2023.03.31"]
[SourceVersion "1"]
[SourceVersionDate "2023.03.31"]
[SourceQuality "1"]

1. e4 c6 2. d4 d5 3. exd5 cxd5 4. Bd3 Nf6 5. c3 Bg4 6. Qb3 Qc7 7. h3 Bh5 8. Ne2 Bxe2 9. Bxe2 e6 10. 0-0 Bd6 11. Nd2 0-0 12. Nf3 Nc6 13. Bg5 Ne4 14. Be3 Bf4 15. Bxf4 Qxf4 16. Qxb7 Rfc8 17. Qa6 Rab8 18. Rab1 Qc7 19. Qa4 Rb6 20. Bd3 Nd6 21. Qc2 Nb4 22. Bxh7+ Kh8 23. Qd2 Kxh7 24. cxb4 Ne4 25. Qe1 Qc2 26. a3 a5 27. Qe3 Qa4 28. bxa5 Qxa5 29. Qf4 Kg8 30. Rfc1 Rcb8 31. Rc7 Nd6 32. Ne5 Rxb2 33. Rxb2 Qxc7 34. Rxb8+ Qxb8 35. Kh2 f6 36. Nd3 Qc7 37. Nc5 Kf7 38. g3 Nb5 39. Qe3 Qc6 40. a4 Nd6 41. Qxe6+ Kg6 42. Nd7 Qc2 43. Kg2 Ne4 44. Qg4+ Kf7 45. Qf4 Qxa4 46. Ne5+ Ke6 47. Nf3 Qc2 48. Nh4 g5 49. Qf5+ Ke7 50. Ng6+ Kf7 51. Ne5+ Kg7 52. Ng4 Kf7 53. h4 gxh4 54. gxh4 Qd1 55. h5 Qxd4 56. h6 Ng5 57. h7 Nxh7 58. Qxh7+ Ke6 59. Qh3 Qe4+ 60. Qf3 f5 61. Qxe4+ fxe4 62. Kf1 Kf5 63. Ne3+ Ke5 64. Ke2 d4 65. Nf1 Kf4 66. Ke1 Kf3 67. Nd2+ Kf4 68. Nc4 e3 69. fxe3+ dxe3 70. Nxe3 1/2-1/2

[Event "Titled Tuesday intern op 21st Feb Early"]
[Site "Chess.com INT"]
[Date "2023.02.21"]
[Round "5"]
[White "Degenbaev, Aziz"]
[Black "Aydincelebi, Kagan"]
[Result "1-0"]
[WhiteElo "2152"]
[BlackElo "2280"]
[PlyCount "115"]
[EventDate "2023.02.21"]
[EventType "swiss (blitz)"]
[EventRounds "11"]
[EventCountry "USA"]
[SourceTitle "CBM 212 Extra"]
[Source "ChessBase"]
[SourceDate "2023.03.31"]
[SourceVersion "1"]
[SourceVersionDate "2023.03.31"]
[SourceQuality "1"]

1. e4 c5 2. Nf3 Nc6 3. Bb5 g6 4. 0-0 Bg7 5. c3 e5 6. d4 exd4 7. cxd4 cxd4 8. Bf4 Nge7 9. Bd6 a6 10. Bd3 0-0 11. Nbd2 Re8 12. b4 b6 13. Qb3 h6 14. Bc4 Rf8 15. a4 Bb7 16. Rac1 Na7 17. Bc7 Qe8 18. Bxb6 Nac6 19. Bc5 Kh7 20. Rfe1 Qb8 21. e5 Qe8 22. Bd6 Nd8 23. Nxd4 Ne6 24. N4f3 Rg8 25. Ne4 Nf5 26. Rcd1 Rc8 27. Bd5 Bxd5 28. Qxd5 Rc2 29. Qd3 Qc8 30. Nc5 Ra2 31. Nxe6 dxe6 32. Nd4 Rd8 33. Rc1 Qb7 34. Nxf5 exf5 35. Qb3 Rd2 36. Rc7 Qd5 37. Qxd5 Rxd5 38. h3 Kg8 39. Rb1 Ra8 40. f4 Bf8 41. Bxf8 Kxf8 42. b5 axb5 43. axb5 Rb8 44. b6 Rd4 45. b7 Rdd8 46. Kf2 Ke8 47. Ke3 Kf8 48. Rb6 Ke8 49. Rf6 Rd7 50. Rc8+ Rd8 51. Rc7 Rd7 52. Rxd7 Kxd7 53. Rxf7+ Ke6 54. Rf6+ Ke7 55. Rxg6 Kf7 56. Rxh6 Kg7 57. Rb6 Rxb7 58. Rxb7+ 1-0

[Event "Titled Tuesday intern op 21st Feb Early"]
[Site "Chess.com INT"]
[Date "2023.02.21"]
[Round "11"]
[White "Zhigalko, Sergei"]
[Black "Aydincelebi, Kagan"]
[Result "0-1"]
[WhiteElo "2572"]
[BlackElo "2280"]
[PlyCount "96"]
[EventDate "2023.02.21"]
[EventType "swiss (blitz)"]
[EventRounds "11"]
[EventCountry "USA"]
[SourceTitle "CBM 212 Extra"]
[Source "ChessBase"]
[SourceDate "2023.03.31"]
[SourceVersion "1"]
[SourceVersionDate "2023.03.31"]
[SourceQuality "1"]

1. e4 c5 2. c3 d5 3. exd5 Qxd5 4. d4 Nc6 5. Nf3 Bf5 6. Be3 cxd4 7. Nxd4 Nf6 8. Nd2 Nxd4 9. Bxd4 e5 10. Be3 Be7 11. Qa4+ Bd7 12. Qb3 0-0 13. 0-0-0 Qc6 14. Qc4 Ng4 15. Qxc6 Bxc6 16. Nc4 Nxe3 17. Nxe3 Bc5 18. Rg1 b5 19. Be2 Rad8 20. Bf3 e4 21. Be2 g6 22. b4 Bb6 23. c4 bxc4 24. Bxc4 Kg7 25. Rxd8 Rxd8 26. Rd1 Rc8 27. Kb2 Ba4 28. Bb3 Bb5 29. Rd5 Bd3 30. a4 Rd8 31. a5 Bd4+ 32. Ka3 Rxd5 33. Bxd5 f5 34. g3 Kf6 35. Bg8 h6 36. Kb3 g5 37. Bc4 Bb1 38. b5 Ke5 39. Bf7 f4 40. Ng4+ Kd6 41. gxf4 gxf4 42. Nxh6 Bxf2 43. Ng4 Bh4 44. b6 axb6 45. a6 e3 46. a7 Be4 47. Bg6 Ba8 48. Kc3 e2 0-1

[Event "Mersin op 6th"]
[Site "Mersin"]
[Date "2022.09.07"]
[Round "6"]
[White "Uzumcu, Ahmet Utku"]
[Black "Aydincelebi, Kagan"]
[Result "1/2-1/2"]
[WhiteElo "2284"]
[BlackElo "2242"]
[PlyCount "76"]
[EventDate "2022.09.04"]
[EventType "swiss"]
[EventRounds "9"]
[EventCountry "TUR"]
[SourceTitle "CBM 210 Extra"]
[Source "ChessBase"]
[SourceDate "2022.11.30"]
[SourceVersion "1"]
[SourceVersionDate "2022.11.30"]
[SourceQuality "1"]

1. e4 e5 2. Nf3 Nf6 3. Nxe5 d6 4. Nf3 Nxe4 5. d4 d5 6. Bd3 Bd6 7. 0-0 0-0 8. c4 c6 9. Nc3 Nxc3 10. bxc3 dxc4 11. Bxc4 Bf5 12. Re1 Nd7 13. h3 b5 14. Bb3 a5 15. a3 a4 16. Ba2 Nb6 17. Ne5 Bxe5 18. Rxe5 Qd7 19. Qf3 Be6 20. Bb1 Nc4 21. Rh5 f5 22. Rg5 Rae8 23. Bf4 Bd5 24. Qg3 Re1+ 25. Kh2 Be4 26. Be5 Rf7 27. Bxe4 Rxe4 28. Bf4 Qe6 29. h4 Re1 30. Be5 Nxe5 31. Rxe1 Ng4+ 32. Qxg4 Qxe1 33. Rxf5 Rxf5 34. Qxf5 Qxc3 35. Qc8+ Kf7 36. Qc7+ Kf6 37. Qd6+ Kf7 38. Qd7+ Kf8 1/2-1/2